Song Lyrics Rammstein - Was ich liebe - Statistics

General Stats
  • This quiz has been taken 39 times
  • The average score is 129 of 163
Answer Stats
Answer % Correct
Ich
100%
ich
100%
liebe,
100%
liebe
100%
Was
100%
was
100%
Muss
90%
muss
90%
auch
85%
Das
85%
nicht
85%
nicht,
85%
sein
85%
wird
85%
bin,
80%
es
80%
sterben,
80%
sterben
80%
Und
80%
und
80%
verderben
80%
darf
75%
Dass
75%
dass
75%
kann
75%
auf
70%
Auf
70%
freu'
70%
Glück
70%
ja
70%
mich
70%
Nein
70%
(nein,
70%
nein)
70%
(nein)
70%
Unglück
70%
Weil
70%
doch,
65%
ein
65%
froh
65%
mag
65%
sich
65%
vernichten
65%
verzichten
65%
wenn
65%
Wer
65%
dabei
60%
freue
60%
in
60%
man
60%
Qualen
60%
richten
60%
werde
60%
will
60%
Freude
55%
Für
55%
geht
55%
Lieben
55%
liebt,
55%
zahlen,
55%
alles
50%
bereuen
50%
Dann
50%
Folgen
50%
Herz
50%
Schöne
50%
So
50%
trägt
50%
Weiß
50%
zu
50%
kein
45%
leiden
45%
brauch'
35%
halte
35%
schadlos
35%
zerbricht
35%
No matching quizzes found
Score Distribution
Percent of People with Each Score
Percentile by Number Answered
Your Score History
You have not taken this quiz